000 00510nam a2200181Ia 4500
005 20250923144427.0
008 008 250917s9999 xx 000 0 eng d
037 _aTextual
040 _aDSWL
_beng
_cDSWL
041 _aeng
_2eng
084 _aYX,zM8-zt.1'N4, N53
_qDSWL
100 _aVernant, J
_9824795
245 0 _aRefugee in the post-war World
_cby J Vernant
260 _c1953
300 _a827 p.
942 _cTEXL
_hYX,zM8-zt.1'N4, N53
999 _c1438735
_d1438735